شخصيات من التاريخ : سير و تراجم موجزة / (رقم التسجيلة. 118591)

تفاصيل مارك
000 -LEADER
fixed length control field 00616nam a22001937a 4500
005 - DATE AND TIME OF LATEST TRANSACTION
control field 20251108174816.0
008 - FIXED-LENGTH DATA ELEMENTS--GENERAL INFORMATION
fixed length control field 250721s2009 xx 000 0 ara d
082 14 - DEWEY DECIMAL CLASSIFICATION NUMBER
Classification number 920.7/محا
100 1# - MAIN ENTRY--PERSONAL NAME
Personal name محافظة، علي
Relator term مؤلف
245 10 - TITLE STATEMENT
Title شخصيات من التاريخ : سير و تراجم موجزة /
264 1# - PRODUCTION, PUBLICATION, DISTRIBUTION, MANUFACTURE, AND COPYRIGHT NOTICE
Place of production, publication, distribution, manufacture بيروت :
Name of producer, publisher, distributor, manufacturer المؤسسة العربية للدراسات و النشر،
Date of production, publication, distribution, manufacture, or copyright notice 2009.
300 ## - PHYSICAL DESCRIPTION
Extent 406ص.
650 17 - SUBJECT ADDED ENTRY--TOPICAL TERM
Topical term or geographic name as entry element التراجم
650 17 - SUBJECT ADDED ENTRY--TOPICAL TERM
Topical term or geographic name as entry element اتاريخ
650 17 - SUBJECT ADDED ENTRY--TOPICAL TERM
Topical term or geographic name as entry element الأعلام العرب
650 17 - SUBJECT ADDED ENTRY--TOPICAL TERM
Topical term or geographic name as entry element أسماء الأشخاص
942 ## - ADDED ENTRY ELEMENTS (KOHA)
Source of classification or shelving scheme Dewey Decimal Classification
Koha item type كتب
المقتنيات
حالة السحب حالة الفقدان مصدر التصنيف حالة التلف غير قابل للإعارة المكتبة الرئيسية المكتبة الحالية موقع الرف تاريخ التزويد الرقم المتسلسل Total Checkouts رقم الإستدعاء تاريخ آخر ظهور تاريخ الفاتورة نوع المادة (كوها) الباركود
    Dewey Decimal Classification     المكتبة المركزية المكتبة المركزية مقتنيات قسم التزويد 28/07/2025 1324626   920.7/محا 28/07/2025 28/07/2025 كتب  
    Dewey Decimal Classification     المكتبة المركزية المكتبة المركزية مقتنيات قسم التزويد 28/07/2025 1477228   920.7/محا 28/07/2025 28/07/2025 كتب  
    Dewey Decimal Classification     المكتبة المركزية المكتبة المركزية   28/07/2025 1760970   920.7/محا 28/07/2025 28/07/2025 كتب  
    Dewey Decimal Classification     المكتبة المركزية المكتبة المركزية   28/07/2025 1761109   920.7/محا 28/07/2025 28/07/2025 كتب  
    Dewey Decimal Classification     المكتبة المركزية المكتبة المركزية مقتنيات قسم التزويد 28/07/2025 1762085   920.7/محا 28/07/2025 28/07/2025 كتب  
    Dewey Decimal Classification     المكتبة المركزية المكتبة المركزية مقتنيات قسم التزويد 28/07/2025 1762482   920.7/محا 28/07/2025 28/07/2025 كتب  
    Dewey Decimal Classification     مكتبة أبو علندا العامة مكتبة أبو علندا العامة الإعارة 27/10/2009 1324629   920.7/محا 28/07/2025 27/10/2009 كتب PLD00115993
    Dewey Decimal Classification     مكتبة أم قصير والمقابلين العامة مكتبة أم قصير والمقابلين العامة الإعارة 27/10/2009 1324636   920.7/محا 28/07/2025 27/10/2009 كتب PLD00116000
    Dewey Decimal Classification     مكتبة الأميرة ايمان العامة مكتبة الأميرة ايمان العامة الإعارة 27/10/2009 1324630   920.7/محا 28/07/2025 27/10/2009 كتب PLD00115994
    Dewey Decimal Classification     مكتبة الاميرة بديعة مكتبة الاميرة بديعة الإعارة 27/10/2009 1324631   920.7/محا 28/07/2025 27/10/2009 كتب PLD00115995
    Dewey Decimal Classification     مكتبة الجويدة مكتبة الجويدة الإعارة 27/10/2009 1324632   920.7/محا 28/07/2025 27/10/2009 كتب PLD00115996
    Dewey Decimal Classification     مكتبة حمزة العامة مكتبة حمزة العامة الإعارة 27/10/2009 1324639   920.7/محا 28/07/2025 27/10/2009 كتب PLD00116003
    Dewey Decimal Classification     مكتبة وادي السير العامة مكتبة وادي السير العامة الإعارة 27/10/2009 1324640   920.7/محا 28/07/2025 27/10/2009 كتب PLD00116004
    Dewey Decimal Classification     مكتبة ومركز فرح مكتبة ومركز فرح الإعارة 27/10/2009 1324643   920.7/محا 28/07/2025 27/10/2009 كتب PLD00116007
Implemented & Customized by: BBB with SCIT (Smart Chains for Information Technology)

Powered by Koha